00513nam a22001937a 450000500170000001000130001702000110003003500130004103700160005404000120007008200160008210000190009824500830011726000380020027000220023830000290026065000120028965000180030120170124110215.0 aA-709687 c225.00 aA-709687 bCen Lib/Ret aDPLbEN a181.45bRAU aRau, S. Subba  aThe bhagvad-gita :cby S. Subba Rau btraslation and commertaries in English / aNew DelhibAsian Book Shop c1988 bNew Delhie110002 alxxviii, 817p.c23cm(Hb) aHiduism aBhagvad-gita